| 000 | 00000nas 2200000zi 4500 |
| 001 | 9.884892 |
| 003 | CaOODSP |
| 005 | 20230907083930 |
| 006 | m o d f |
| 007 | cr ||||||||||| |
| 008 | 200220d20132013oncfr p o f0 b0fre|d |
| 040 | |aCaOODSP|bfre |
| 043 | |an-cn--- |
| 086 | 1 |aYN2-5/3F-PDF|zYN5-54/2013F-PDF |
| 245 | 00|aMise à jour des perspectives économiques et financières. |
| 264 | 1|aOttawa, Canada : |bOffice of the Parliamentary Budget Officer = Bureau du directeur parlementaire du budget, |c2013. |
| 310 | |aSemi-annuel |
| 336 | |atexte|btxt|2rdacontent/fre |
| 337 | |ainformatique|bc|2rdamedia/fre |
| 338 | |aressource en ligne|bcr|2rdacarrier/fre |
| 362 | 0 |a28 octobre 2013. |
| 500 | |aPublié aussi en anglais sous le titre : Economic and fiscal outlook update. |
| 588 | |aDescription d'après : 28 octobre 2013. |
| 588 | |aDernière livraison consultée : 28 octobre 2013. |
| 650 | 6|aBudget|zCanada|vPériodiques. |
| 655 | 7|aPériodiques|2rvmgf |
| 710 | 1 |aCanada. |bBureau du Directeur parlementaire du budget. |
| 775 | 08|tEconomic and fiscal outlook update.|w(CaOODSP)9.884889 |
| 780 | 00|tPerspectives économiques et financières.|w(CaOODSP)9.884888 |
| 785 | 00|tPerspectives économiques et financières …|w(CaOODSP)9.884894 |